Principles and practice of valuation (Record no. 105078)

MARC details
000 -LEADER
fixed length control field 00593cam a2200181 4500
001 - CONTROL NUMBER
control field ##L132291
008 - FIXED-LENGTH DATA ELEMENTS--GENERAL INFORMATION
fixed length control field 060124n1948 000 0 eng u
035 ## - SYSTEM CONTROL NUMBER
System control number (Sirsi) u132291
041 0# - LANGUAGE CODE
Language code of text/sound track or separate title eng
050 04 - LIBRARY OF CONGRESS CALL NUMBER
Classification number 333.332 $2 18
110 2# - MAIN ENTRY--CORPORATE NAME
Corporate name or jurisdiction name as entry element Commonwealth Institute of Valuers
9 (RLIN) 409
245 00 - TITLE STATEMENT
Title Principles and practice of valuation
260 ## - PUBLICATION, DISTRIBUTION, ETC.
Place of publication, distribution, etc. [S.l.]
Name of publisher, distributor, etc. [s.n.]
Date of publication, distribution, etc. 1948
300 ## - PHYSICAL DESCRIPTION
Extent 331p.
Dimensions 22cm.
520 ## - SUMMARY, ETC.
Summary, etc. Provides a guide into the background, principles and different types of analysis involved in property valuation.
690 ## - LOCAL SUBJECT ADDED ENTRY--TOPICAL TERM (OCLC, RLIN)
Topical term or geographic name as entry element PROPERTY-PROPERTY VALUATION AND APPRAISAL
942 ## - ADDED ENTRY ELEMENTS (KOHA)
Suppress in OPAC 0
Holdings
Withdrawn status Lost status Source of classification or shelving scheme Damaged status Not for loan Home library Current library Shelving location Date acquired Total Checkouts Full call number Barcode Date last seen Copy number Price effective from Koha item type
    Dewey Decimal Classification     London London Basement 24/01/2006   SHELF 205 30014936 06/08/2019 1 06/08/2019 Book